ბათუმის შოთა რუსთაველის სახელმწიფო უნივერსიტეტის ბიბლიოთეკა

ეზოპე / (ბიბ.ჩანაწერი № 60234)

000 -ლიდერი
ფიქსირებული სიგრძის საკონტროლო ველი 00799nam a22001937a 4500
003 - საკონტროლო ნომრის იდენტიფიკატორი
საკონტროლო ველი Ge_BSU
005 - ბოლო ოპერაციის თარიღი და დრო
საკონტროლო ველი 20230621102734.0
008 - ფიქსირებული სიგრძის მონაცემთა ელემენტები - ზოგადი ინფორმაცია
ფიქსირებული სიგრძის საკონტროლო ველი 230621s1965 ge ||||| |||| 00| 0 geo d
041 ## - ენის კოდი
Language code of text/sound track or separate title geo
080 ## - უნივერსალური ათობითი კლასიფიკაციის ინდექსი
Universal Decimal Classification number 821.14'01(092ეზოპე) ბ-11
100 ## - მთავარი ჩანაწერი - პიროვნების სახელი
Personal name ბააკაშვილი, ვახტანგ
9 (RLIN) 18844
245 ## - ცნობა სათაურის შესახებ
Title ეზოპე /
Statement of responsibility, etc ვახტანგ ბააკაშვილი; რედ. ც. ცერცვაძე.
264 ## - წარმოების, გამოცემის, დისტრიბუციის და სხვა ცნობები
გამოცემის, წარმოების, დისტრიბუციის... ადგილი თბილისი :
გამოცემის, წარმოების, დისტრიბუციის... სახელწოდება ნაკადული,
გამოცემის, წარმოების, დისტრიბუციის... თარიღი 1965.
300 ## - ფიზიკური აღწერა
Extent 134 გვ. ;
Other physical details 20 სმ.
490 ## - სერიის ცნობა
Series statement გამოჩენილ ადამიანთა ცხოვრება ; 23
653 ## - INDEX TERM--UNCONTROLLED
Uncontrolled term ეზოპე
700 ## - ADDED ENTRY--PERSONAL NAME
Personal name ცერცვაძე, ც.
Relator term რედაქტორი
9 (RLIN) 18845
942 ## - ADDED ENTRY ELEMENTS (KOHA)
Source of classification or shelving scheme
Koha item type წიგნი
ეგზემპლარები
ჩამოწერის სტატუსი დაკარგული ეგზემპლარის სტატუსი კლასიფიკაციის წყარო ან თაროზე გაწყობის სქემა დაზიანების სტატუსი არ გაიცემა მუდმივი მდებარეობა (დაცვის ადგილი) ამჟამინდელი ადგილსამყოფელი თაროზე განთავსების ადგილი შეძენის თარიღი ღირებულება, შესყიდვის ნორმალური ფასი სრული შენახვის შიფრი შტრიხკოდი ბოლო ოპერაციის თარიღი ეგზემპლარის მიმდევრობითი ნომერი (კეტერი?) Uniform Resource Identifier ფასის ძალაში შესვლის თარიღი ეგზემპლარის სახეობა საჯარო შენიშვნა
          ბათუმის შოთა რუსთაველის სახელმწიფო უნივერსიტეტის მთავარი ბიბლიოთეკა ბათუმის შოთა რუსთაველის სახელმწიფო უნივერსიტეტის მთავარი ბიბლიოთეკა წიგნსაცავი 2023-06-21 5.00 821.14'01(092ეზოპე) ბ-11 64724 2023-06-21 64724 ბსუ-ს საპატიო დოქტორის გურამ ლორთქიფანიძის საჩუქარი 2023-06-21 წიგნი 5 ლ.